[Event "Maccabiah IM 16th"]
[Site "Tel Aviv"]
[Date "2001.07.22"]
[Round "8"]
[White "Shur, Mikhail"]
[Black "Godes, Dmitry R"]
[Result "1-0"]
[WhiteElo "2427"]
[BlackElo "2314"]
[PlyCount "71"]
[EventDate "2001.07.15"]
[EventType "tourn"]
[EventRounds "9"]
[EventCountry "ISR"]
[EventCategory "4"]
[SourceTitle "CBM 083 Extra"]
[Source "ChessBase"]
[SourceDate "2001.09.11"]
[SourceVersion "1"]
[SourceVersionDate "2001.09.11"]
[SourceQuality "1"]

1. e4 c5 2. Nf3 e6 3. Nc3 Nc6 4. d4 cxd4 5. Nxd4 d6 6. Be2 a6 7. a4 Nf6 8. 0-0 Qc7 9. Kh1 Be7 10. f4 0-0 11. Be3 Na5 12. Qd3 d5 13. e5 Nd7 14. Bg1 Nc4 15. b3 Nc5 16. Qd1 Nb6 17. Bf3 Rb8 18. Qd2 Ncd7 19. Qd3 Na8 20. Rad1 b6 21. Bxd5 Nc5 22. Qg3 Bb7 23. Bxb7 Qxb7 24. f5 Kh8 25. fxe6 Nxe6 26. Nf5 Rbd8 27. Nxe7 Qxe7 28. Nd5 Qb7 29. c4 b5 30. axb5 axb5 31. Nf4 bxc4 32. Nxe6 fxe6 33. bxc4 Qe4 34. Qa3 Kg8 35. Rxd8 Rxd8 36. Qe7 1-0

[Event "Maccabiah IM 16th"]
[Site "Tel Aviv"]
[Date "2001.07.21"]
[Round "7"]
[White "Godes, Dmitry R"]
[Black "Klenburg, Mikhail"]
[Result "1/2-1/2"]
[WhiteElo "2314"]
[BlackElo "2348"]
[PlyCount "116"]
[EventDate "2001.07.15"]
[EventType "tourn"]
[EventRounds "9"]
[EventCountry "ISR"]
[EventCategory "4"]
[SourceTitle "CBM 083 Extra"]
[Source "ChessBase"]
[SourceDate "2001.09.11"]
[SourceVersion "1"]
[SourceVersionDate "2001.09.11"]
[SourceQuality "1"]

1. Nf3 d6 2. d4 Nf6 3. e3 g6 4. c4 Bg7 5. Nc3 0-0 6. Be2 Nbd7 7. 0-0 e5 8. Qc2 Re8 9. dxe5 dxe5 10. e4 c6 11. Rd1 Qe7 12. a3 a5 13. Rb1 Nc5 14. Be3 Ng4 15. Bxc5 Qxc5 16. Bf1 Nf6 17. Na4 Qe7 18. Nb6 Rb8 19. c5 Bg4 20. Be2 Rbd8 21. b4 axb4 22. axb4 Rxd1+ 23. Rxd1 Rd8 24. g3 Rxd1+ 25. Bxd1 Qd8 26. Kg2 Bxf3+ 27. Bxf3 Qd4 28. Qd1 Qxd1 29. Bxd1 Nxe4 30. Nc4 Nc3 31. Bb3 Nd5 32. b5 cxb5 33. Nd6 Nc7 34. Nxf7 Kf8 35. Nd6 Ke7 36. Nxb7 Kd7 37. Bg8 h6 38. Bh7 Kc6 39. Na5+ Kxc5 40. Bxg6 Kb4 41. Nc6+ Kc3 42. Kf3 b4 43. Bf7 Nb5 44. Na5 Nd6 45. Bg8 Bf6 46. Ke2 Nb5 47. Ke3 Bd8 48. Nc6 Bc7 49. f3 Nd4 50. Ne7 Bd6 51. Nd5+ Kc2 52. Ke4 Kd2 53. Ne3 Ke2 54. f4 exf4 55. gxf4 Nf3 56. Bc4+ Kf2 57. Ng4+ Kg2 58. Ne3+ Kf2 1/2-1/2

[Event "Maccabiah IM 16th"]
[Site "Tel Aviv"]
[Date "2001.07.18"]
[Round "4"]
[White "Godes, Dmitry R"]
[Black "Bar, Roman"]
[Result "1/2-1/2"]
[WhiteElo "2314"]
[BlackElo "2412"]
[PlyCount "30"]
[EventDate "2001.07.15"]
[EventType "tourn"]
[EventRounds "9"]
[EventCountry "ISR"]
[EventCategory "4"]
[SourceTitle "CBM 083 Extra"]
[Source "ChessBase"]
[SourceDate "2001.09.11"]
[SourceVersion "1"]
[SourceVersionDate "2001.09.11"]
[SourceQuality "1"]

1. Nf3 Nf6 2. b4 e6 3. a3 c5 4. bxc5 Bxc5 5. d4 Be7 6. c4 b6 7. Bg5 0-0 8. Nbd2 Bb7 9. e3 Ne4 10. Bxe7 Qxe7 11. Nxe4 Bxe4 12. Bd3 Bxd3 13. Qxd3 Nc6 14. 0-0 Rac8 15. Rac1 Na5 1/2-1/2

[Event "Wch Seniors 10th"]
[Site "Rowy"]
[Date "2000.09.21"]
[Round "9"]
[White "Godes, Dmitry R"]
[Black "Uhlmann, Wolfgang"]
[Result "0-1"]
[WhiteElo "2344"]
[BlackElo "2488"]
[PlyCount "60"]
[EventDate "2000.09.11"]
[EventType "swiss"]
[EventRounds "11"]
[EventCountry "POL"]
[SourceTitle "CBM 078 Extra"]
[Source "ChessBase"]
[SourceDate "2000.11.10"]
[SourceVersion "1"]
[SourceVersionDate "2000.11.10"]
[SourceQuality "1"]

1. d4 Nf6 2. Nf3 g6 3. g3 c5 4. d5 b5 5. Bg2 Bb7 6. c4 d6 7. 0-0 Nbd7 8. Nc3 bxc4 9. Nd2 Nb6 10. Nxc4 Nxc4 11. Qa4+ Qd7 12. Qxc4 Bg7 13. Re1 0-0 14. e4 a5 15. Qb5 Qc7 16. e5 Ng4 17. exd6 exd6 18. Re4 Ne5 19. Ra4 Ba6 20. Qxa5 Qb7 21. Ne4 Bd3 22. Nxd6 Rxa5 23. Nxb7 Rxa4 24. Nxc5 Rc4 25. Be3 Be2 26. b3 Nf3+ 27. Bxf3 Bxf3 28. bxc4 Bxa1 29. d6 Rd8 30. d7 Bc6 0-1

[Event "Tel Aviv Autumn Int"]
[Site "Tel Aviv"]
[Date "1998.12.12"]
[Round "9"]
[White "Godes, Dmitry R"]
[Black "Yeke, Serkan"]
[Result "1-0"]
[WhiteElo "2355"]
[BlackElo "2160"]
[PlyCount "51"]
[EventDate "1998.12.08"]
[EventType "tourn"]
[EventRounds "9"]
[EventCountry "ISR"]
[EventCategory "3"]
[SourceTitle "CBM 067 Extra"]
[Source "ChessBase"]
[SourceDate "1999.01.01"]
[SourceVersion "1"]
[SourceVersionDate "1999.01.01"]
[SourceQuality "1"]

1. c4 g6 2. g3 Bg7 3. Bg2 d6 4. d4 Nf6 5. Nc3 0-0 6. Nf3 Nc6 7. 0-0 Rb8 8. b3 a6 9. Bb2 b5 10. cxb5 axb5 11. Ne1 Bd7 12. Rc1 b4 13. Nb1 Na7 14. Nd3 c6 15. Qe1 Qa5 16. a4 Rfc8 17. Nd2 Qh5 18. e4 g5 19. f4 gxf4 20. Nxf4 Qh6 21. e5 Nh5 22. Nd3 f5 23. Nc4 d5 24. Ne3 Rf8 25. Nxd5 cxd5 26. Rc7 1-0

[Event "Tel Aviv Autumn Int"]
[Site "Tel Aviv"]
[Date "1998.12.10"]
[Round "5"]
[White "Godes, Dmitry R"]
[Black "Erenburg, Sergey"]
[Result "1/2-1/2"]
[WhiteElo "2355"]
[BlackElo "2310"]
[PlyCount "84"]
[EventDate "1998.12.08"]
[EventType "tourn"]
[EventRounds "9"]
[EventCountry "ISR"]
[EventCategory "3"]
[SourceTitle "CBM 067 Extra"]
[Source "ChessBase"]
[SourceDate "1999.01.01"]
[SourceVersion "1"]
[SourceVersionDate "1999.01.01"]
[SourceQuality "1"]

1. g3 d5 2. Bg2 c6 3. d3 Bg4 4. Nf3 Nd7 5. 0-0 e6 6. c4 Bd6 7. Nc3 Ngf6 8. b3 0-0 9. Bb2 Qe7 10. cxd5 exd5 11. h3 Bh5 12. Nd4 Bg6 13. Qd2 Bc5 14. Na4 Bb4 15. Qc2 Nc5 16. Nc3 Ne6 17. Nxe6 Qxe6 18. a3 Bxc3 19. Bxc3 Rfe8 20. Rae1 Nd7 21. e4 dxe4 22. dxe4 f6 23. f4 Bf7 24. Rb1 Rad8 25. Rfd1 Nb6 26. a4 Rxd1+ 27. Qxd1 Qe7 28. a5 Nd7 29. b4 a6 30. Qd4 Nf8 31. Rd1 Bb3 32. Rd2 Qf7 33. Qf2 Qc4 34. Qe3 Qf7 35. Rd6 Bd5 36. Bd4 Bxe4 37. Bxe4 f5 38. Be5 fxe4 39. Qxe4 Ng6 40. Qd4 Nxe5 41. fxe5 Rf8 42. Rd8 Qf1+ 1/2-1/2

[Event "ISR-chT"]
[Site "Israel"]
[Date "1996.??.??"]
[Round "7"]
[White "Godes, Dmitry R"]
[Black "Golod, Vitali"]
[Result "1/2-1/2"]
[WhiteElo "2400"]
[BlackElo "2555"]
[PlyCount "104"]
[EventDate "1996.??.??"]
[EventType "team-tourn"]
[EventRounds "11"]
[EventCountry "ISR"]
[SourceTitle "CBM 052 Extra"]
[Source "ChessBase"]
[SourceDate "1996.07.01"]
[SourceVersion "1"]
[SourceVersionDate "1996.07.01"]
[SourceQuality "1"]

1. c4 Nf6 2. Nf3 g6 3. Nc3 Bg7 4. g3 0-0 5. Bg2 c6 6. d4 d6 7. 0-0 Nbd7 8. b3 e5 9. e3 Re8 10. Bb2 e4 11. Nd2 d5 12. f3 exf3 13. Qxf3 Nb6 14. c5 Bg4 15. Qf4 Nc8 16. e4 Be6 17. exd5 Nxd5 18. Nxd5 Bxd5 19. Nc4 Re2 20. Bxd5 Qxd5 21. Rf2 Rxf2 22. Kxf2 Ne7 23. Nd6 b6 24. Re1 Nf5 25. Nxf5 gxf5 26. Qd6 bxc5 27. Qxd5 cxd5 28. Re2 c4 29. bxc4 dxc4 30. Re7 Bf6 31. Rc7 Rb8 32. Bc3 Rb1 33. Rxc4 Rc1 34. Ke3 Rc2 35. a4 Kg7 36. h4 h5 37. Rc5 Rc1 38. a5 Rg1 39. Kf3 Rf1+ 40. Ke2 Rg1 41. Be1 Bxd4 42. Rd5 Bf6 43. Rxf5 Kg6 44. Rd5 a6 45. Rd6 Kf5 46. Rxa6 Be5 47. Ra7 f6 48. Rh7 Bxg3 49. Bxg3 Rxg3 50. Rxh5+ Kg4 51. Rb5 Kxh4 52. Rf5 Ra3 1/2-1/2

[Event "ISR-ch"]
[Site "Jerusalem"]
[Date "1996.??.??"]
[Round "5"]
[White "Godes, Dmitry R"]
[Black "Kantsler, Boris"]
[Result "0-1"]
[WhiteElo "2380"]
[BlackElo "2455"]
[PlyCount "62"]
[EventDate "1996.10.26"]
[EventType "swiss"]
[EventRounds "9"]
[EventCountry "ISR"]
[SourceTitle "CBM 056"]
[Source "ChessBase"]
[SourceDate "1997.02.01"]
[SourceVersion "1"]
[SourceVersionDate "1997.02.01"]
[SourceQuality "1"]

1. Nf3 Nf6 2. d4 g6 3. c4 Bg7 4. g3 0-0 5. Bg2 d6 6. Nc3 Nbd7 7. 0-0 e5 8. e3 Re8 9. b3 a6 10. Bb2 Rb8 11. a4 b6 12. Nd2 exd4 13. exd4 Nf8 14. Nd5 Nxd5 15. cxd5 Nd7 16. b4 Nf6 17. Qb3 Bb7 18. Rac1 Qd7 19. Rc2 Re2 20. b5 axb5 21. axb5 Qf5 22. Qc4 Re7 23. Ra1 Rbe8 24. Nf1 Bxd5 25. Bxd5 Nxd5 26. Bc1 Re1 27. Bb2 Qf3 28. Ra3 Qf5 29. Ra1 Qf3 30. Rxe1 Rxe1 31. Bc1 Qd1 0-1

[Event "ISR-chT"]
[Site "Israel"]
[Date "1996.??.??"]
[Round "4"]
[White "Godes, Dmitry R"]
[Black "Kraidman, Yair"]
[Result "1/2-1/2"]
[WhiteElo "2400"]
[BlackElo "2365"]
[PlyCount "90"]
[EventDate "1996.??.??"]
[EventType "team-tourn"]
[EventRounds "11"]
[EventCountry "ISR"]
[SourceTitle "CBM 052 Extra"]
[Source "ChessBase"]
[SourceDate "1996.07.01"]
[SourceVersion "1"]
[SourceVersionDate "1996.07.01"]
[SourceQuality "1"]

1. g3 c5 2. Bg2 g6 3. c4 Bg7 4. Nc3 Nc6 5. e3 Nh6 6. Nge2 Nf5 7. a3 0-0 8. Rb1 a5 9. b3 d6 10. Bb2 e5 11. Nd5 Nfe7 12. f4 Bg4 13. h3 Bxe2 14. Qxe2 exf4 15. Bxg7 Kxg7 16. gxf4 Nxd5 17. Bxd5 Rb8 18. Qg2 Qh4+ 19. Kd1 Rfc8 20. Kc2 Rc7 21. Qg5 Qxg5 22. fxg5 Ne7 23. Be4 h6 24. h4 Rh8 25. Bf3 Nf5 26. Bg4 hxg5 27. hxg5 Rxh1 28. Rxh1 Re7 29. Bxf5 gxf5 30. Kd3 Re6 31. Ke2 Kg6 32. Rh8 Kxg5 33. Rb8 f4 34. Rxb7 f5 35. Kf3 fxe3 36. dxe3 Rh6 37. Rb6 Rh3+ 38. Ke2 f4 39. exf4+ Kxf4 40. a4 Ke5 41. Kd2 d5 42. cxd5 Kxd5 43. Kc2 c4 44. Rb5+ Kd4 45. bxc4 Kxc4 1/2-1/2

[Event "ISR-ch"]
[Site "Jerusalem"]
[Date "1996.??.??"]
[Round "8"]
[White "Godes, Dmitry R"]
[Black "Maryasin, Boris Feliksovich"]
[Result "1-0"]
[WhiteElo "2380"]
[BlackElo "2400"]
[PlyCount "69"]
[EventDate "1996.10.26"]
[EventType "swiss"]
[EventRounds "9"]
[EventCountry "ISR"]
[SourceTitle "CBM 056"]
[Source "ChessBase"]
[SourceDate "1997.02.01"]
[SourceVersion "1"]
[SourceVersionDate "1997.02.01"]
[SourceQuality "1"]

1. c4 Nf6 2. Nf3 g6 3. g3 Bg7 4. Bg2 0-0 5. 0-0 d6 6. Nc3 e5 7. d3 c6 8. Rb1 a5 9. a3 Re8 10. b4 Na6 11. e4 axb4 12. axb4 Nc7 13. Re1 Ne6 14. h3 Nh5 15. Be3 Nd4 16. Bxd4 exd4 17. Ne2 c5 18. bxc5 dxc5 19. g4 Nf6 20. Nf4 g5 21. Nd5 Nxd5 22. exd5 Rf8 23. Qe2 Ra3 24. Nd2 Ra2 25. Ra1 Rxa1 26. Rxa1 f5 27. gxf5 Bxf5 28. Be4 Bxh3 29. Bxh7+ Kxh7 30. Qh5+ Bh6 31. Qxh3 g4 32. Qh5 Qf6 33. Ne4 Qf4 34. Rb1 Kh8 35. Rb6 1-0

[Event "Tel Aviv Cup rapid"]
[Site "Tel Aviv"]
[Date "1996.??.??"]
[Round "1"]
[White "Godes, Dmitry R"]
[Black "Mikhalevski, Victor"]
[Result "0-1"]
[WhiteElo "2400"]
[BlackElo "2495"]
[PlyCount "52"]
[EventDate "1996.??.??"]
[EventType "k.o. (rapid)"]
[EventRounds "6"]
[EventCountry "ISR"]
[SourceTitle "CBM 052 Extra"]
[Source "ChessBase"]
[SourceDate "1996.07.01"]
[SourceVersion "1"]
[SourceVersionDate "1996.07.01"]
[SourceQuality "1"]

1. c4 Nf6 2. Nc3 d5 3. Nf3 g6 4. g3 Bg7 5. Bg2 0-0 6. 0-0 d4 7. Na4 Nc6 8. d3 h6 9. Nd2 e5 10. a3 Qe7 11. b4 Nd8 12. Nc5 Rb8 13. Ncb3 Ne6 14. a4 Rd8 15. a5 Ng5 16. b5 e4 17. Ba3 Qe8 18. dxe4 Nfxe4 19. Nxe4 Nxe4 20. Bxe4 Qxe4 21. Qd3 Qe8 22. Rad1 Bf5 23. Qf3 Be4 24. Qf4 Bc2 25. Nc1 Bxd1 26. Rxd1 Qe6 0-1

[Event "Tel Aviv Cup rapid"]
[Site "Tel Aviv"]
[Date "1996.??.??"]
[Round "1"]
[White "Godes, Dmitry R"]
[Black "Mikhalevski, Victor"]
[Result "0-1"]
[WhiteElo "2400"]
[BlackElo "2495"]
[PlyCount "82"]
[EventDate "1996.??.??"]
[EventType "k.o. (rapid)"]
[EventRounds "6"]
[EventCountry "ISR"]
[SourceTitle "CBM 052 Extra"]
[Source "ChessBase"]
[SourceDate "1996.07.01"]
[SourceVersion "1"]
[SourceVersionDate "1996.07.01"]
[SourceQuality "1"]

1. Nf3 Nf6 2. g3 g6 3. Bg2 Bg7 4. c4 d5 5. d3 0-0 6. 0-0 dxc4 7. dxc4 Qxd1 8. Rxd1 a5 9. Nc3 Na6 10. Nd5 Re8 11. Nd4 e5 12. Nb5 Nxd5 13. cxd5 Bd7 14. Nc3 Rad8 15. Be3 Bf5 16. a3 e4 17. Rac1 Rd7 18. h3 h5 19. Rc2 Bf8 20. g4 hxg4 21. hxg4 Bxg4 22. Nxe4 Bg7 23. Bd4 Bf5 24. Bxg7 Kxg7 25. Rc4 Bxe4 26. Bxe4 Rd6 27. Bf3 c5 28. Ra4 b6 29. e4 f5 30. exf5 gxf5 31. Rh4 Rh8 32. Rxh8 Kxh8 33. Re1 Kg7 34. Re7+ Kf6 35. Rb7 c4 36. Be2 Nc5 37. Rb8 Na4 38. Bxc4 Nxb2 39. Bb5 Ke5 40. Bc6 Nc4 41. a4 Nd2 0-1

[Event "ISR-ch"]
[Site "Jerusalem"]
[Date "1996.??.??"]
[Round "9"]
[White "Greenfeld, Alon"]
[Black "Godes, Dmitry R"]
[Result "0-1"]
[WhiteElo "2555"]
[BlackElo "2380"]
[PlyCount "78"]
[EventDate "1996.10.26"]
[EventType "swiss"]
[EventRounds "9"]
[EventCountry "ISR"]
[SourceTitle "CBM 056"]
[Source "ChessBase"]
[SourceDate "1997.02.01"]
[SourceVersion "1"]
[SourceVersionDate "1997.02.01"]
[SourceQuality "1"]

1. d4 d5 2. c4 dxc4 3. e3 e5 4. Bxc4 exd4 5. exd4 Nf6 6. Nf3 Bd6 7. 0-0 0-0 8. Nc3 Bg4 9. h3 Bh5 10. g4 Bg6 11. Ne5 Ne4 12. Nxf7 Bxf7 13. Bxf7+ Rxf7 14. Nxe4 h6 15. Be3 Nd7 16. Qb3 Qe7 17. Nxd6 Qxd6 18. Qxb7 Rb8 19. Qe4 Nf6 20. Qe5 Rxb2 21. Rfb1 Qb4 22. Rc1 Qb7 23. d5 Nxd5 24. Qe8+ Rf8 25. Qe6+ Kh7 26. Qe4+ Kh8 27. Rab1 c6 28. Bd4 Rxb1 29. Rxb1 Qf7 30. Re1 Nf4 31. Kh2 Ng6 32. Kh1 Nf4 33. Qxc6 Kg8 34. Kh2 Nd3 35. Re4 Nxf2 36. Bxf2 Qxf2+ 37. Kh1 Qf1+ 38. Kh2 Rf2+ 39. Kg3 Rf3+ 0-1

[Event "Beersheba"]
[Site "Beersheba"]
[Date "1994.??.??"]
[Round "?"]
[White "Andrianov, Nikolai Ivanovich"]
[Black "Godes, Dmitry R"]
[Result "1-0"]
[WhiteElo "2435"]
[BlackElo "2420"]
[PlyCount "77"]
[EventDate "1994.??.??"]
[EventType "tourn"]
[EventRounds "13"]
[EventCountry "ISR"]
[EventCategory "7"]
[SourceTitle "EXT 2004"]
[Source "ChessBase"]
[SourceDate "2003.11.25"]
[SourceVersion "1"]
[SourceVersionDate "2003.11.25"]
[SourceQuality "1"]

1. d4 Nf6 2. c4 d6 3. Nc3 g6 4. e4 Bg7 5. Bg5 h6 6. Bh4 Nc6 7. d5 g5 8. Bg3 Ne5 9. Be2 Ng6 10. Nf3 Nh5 11. Nd4 Nhf4 12. 0-0 h5 13. f3 Be5 14. Bf2 e6 15. Re1 Nxe2+ 16. Ncxe2 g4 17. Qd2 Qf6 18. Rf1 gxf3 19. Nxf3 Bxb2 20. Rab1 Be5 21. Nxe5 Nxe5 22. c5 Qg7 23. Rb3 h4 24. Bd4 dxc5 25. Ba1 c4 26. Rb5 Nf3+ 27. Rxf3 Qxa1+ 28. Rf1 Qe5 29. dxe6 Qxb5 30. exf7+ Ke7 31. Nd4 Qc5 32. Qf2 Kd7 33. Rd1 Qh5 34. Rd2 Ke7 35. e5 c3 36. Qf6+ Kf8 37. e6 Qc5 38. Qxh8+ Ke7 39. f8Q# 1-0

[Event "Beersheba"]
[Site "Beersheba"]
[Date "1994.??.??"]
[Round "?"]
[White "Davies, Nigel Rodney"]
[Black "Godes, Dmitry R"]
[Result "1/2-1/2"]
[WhiteElo "2525"]
[BlackElo "2420"]
[PlyCount "72"]
[EventDate "1994.??.??"]
[EventType "tourn"]
[EventRounds "13"]
[EventCountry "ISR"]
[EventCategory "7"]
[SourceTitle "EXT 2004"]
[Source "ChessBase"]
[SourceDate "2003.11.25"]
[SourceVersion "1"]
[SourceVersionDate "2003.11.25"]
[SourceQuality "1"]

1. e4 c6 2. d4 d5 3. Nd2 g6 4. Ngf3 Bg7 5. c3 Nd7 6. exd5 cxd5 7. Qb3 Ngf6 8. Bd3 Nh5 9. g3 Nhf6 10. 0-0 0-0 11. Re1 e6 12. Nf1 b6 13. Bg5 h6 14. Bxf6 Bxf6 15. Qc2 Bg7 16. Qe2 Re8 17. Ne5 Bb7 18. f4 Nxe5 19. fxe5 f5 20. exf6 Qxf6 21. Nd2 e5 22. dxe5 Qc6 23. Nf3 d4 24. Be4 Qxe4 25. Qxe4 Bxe4 26. Rxe4 dxc3 27. bxc3 Rac8 28. c4 Rc5 29. Rd1 Ra5 30. Rd7 Rxa2 31. e6 Bf6 32. Nh4 Bxh4 33. gxh4 a5 34. Rb7 Rd8 35. Rd7 Re8 36. Rb7 Rd8 1/2-1/2

[Event "Beersheba"]
[Site "Beersheba"]
[Date "1994.??.??"]
[Round "?"]
[White "Finkel, Alexander"]
[Black "Godes, Dmitry R"]
[Result "1/2-1/2"]
[WhiteElo "2415"]
[BlackElo "2420"]
[PlyCount "82"]
[EventDate "1994.??.??"]
[EventType "tourn"]
[EventRounds "13"]
[EventCountry "ISR"]
[EventCategory "7"]
[SourceTitle "EXT 2004"]
[Source "ChessBase"]
[SourceDate "2003.11.25"]
[SourceVersion "1"]
[SourceVersionDate "2003.11.25"]
[SourceQuality "1"]

1. e4 c5 2. c3 Nf6 3. e5 Nd5 4. g3 Nc7 5. Bg2 d5 6. exd6 exd6 7. Ne2 Be7 8. 0-0 0-0 9. d4 Nc6 10. Be3 Bg4 11. h3 cxd4 12. cxd4 Bxe2 13. Qxe2 Bf6 14. Rd1 Re8 15. Qd3 Qd7 16. Nc3 d5 17. Rac1 Rac8 18. Kh2 Nb4 19. Qb1 g6 20. a3 Nc6 21. Qa2 Ne7 22. Bf4 Bg7 23. Be5 h5 24. h4 Nf5 25. Bxd5 Nxd5 26. Nxd5 Rxc1 27. Rxc1 Nxd4 28. Bxg7 Kxg7 29. Qc4 Re4 30. Kg2 b5 31. Qc5 Qf5 32. Rc3 Ne6 33. Qc6 Re2 34. Nf4 Nxf4+ 35. gxf4 Qg4+ 36. Rg3 Qxh4 37. Qxb5 Qe7 38. Qxh5 Rxb2 39. Qf3 Rb5 40. f5 Qf6 41. fxg6 Qxf3+ 1/2-1/2

[Event "Czerniak Memorial 10th"]
[Site "Tel Aviv"]
[Date "1994.??.??"]
[Round "1"]
[White "Godes, Dmitry R"]
[Black "Grinshpun, Eduard"]
[Result "1/2-1/2"]
[WhiteElo "2405"]
[BlackElo "2440"]
[PlyCount "37"]
[EventDate "1994.??.??"]
[EventType "tourn"]
[EventRounds "11"]
[EventCountry "ISR"]
[EventCategory "4"]
[SourceTitle "EXT 1997"]
[Source "ChessBase"]
[SourceDate "1996.11.15"]
[SourceVersion "1"]
[SourceVersionDate "1996.11.15"]
[SourceQuality "1"]

1. c4 f5 2. g3 Nf6 3. Bg2 g6 4. Nc3 Bg7 5. e3 0-0 6. Nge2 e5 7. d4 d6 8. b3 e4 9. Nf4 g5 10. Nfe2 Nc6 11. a3 Ne7 12. h4 h6 13. Bb2 c6 14. hxg5 hxg5 15. Ng1 Ng6 16. Nh3 g4 17. Nf4 Nxf4 18. gxf4 d5 19. Ne2 1/2-1/2

[Event "Czerniak Memorial 10th"]
[Site "Tel Aviv"]
[Date "1994.??.??"]
[Round "10"]
[White "Godes, Dmitry R"]
[Black "Malinarski, Yehuda"]
[Result "1-0"]
[WhiteElo "2405"]
[BlackElo "2255"]
[PlyCount "69"]
[EventDate "1994.??.??"]
[EventType "tourn"]
[EventRounds "11"]
[EventCountry "ISR"]
[EventCategory "4"]
[SourceTitle "EXT 1997"]
[Source "ChessBase"]
[SourceDate "1996.11.15"]
[SourceVersion "1"]
[SourceVersionDate "1996.11.15"]
[SourceQuality "1"]

1. c4 Nf6 2. Nf3 g6 3. g3 Bg7 4. Bg2 d6 5. Nc3 0-0 6. 0-0 Nc6 7. d4 e5 8. d5 Ne7 9. e4 h6 10. Ne1 Nd7 11. Nd3 f5 12. f3 a5 13. a3 b6 14. Rb1 Nc5 15. b4 Nxd3 16. Qxd3 g5 17. Be3 f4 18. Bf2 fxg3 19. hxg3 Ng6 20. c5 axb4 21. axb4 bxc5 22. bxc5 Ba6 23. Nb5 Rb8 24. Rb3 h5 25. Ra1 Bc8 26. Ra7 h4 27. Nxc7 Rxb3 28. Qxb3 hxg3 29. Bxg3 Kh8 30. Ne6 Bxe6 31. dxe6 dxc5 32. Qb7 Qf6 33. Qd7 Rg8 34. e7 Qf7 35. Qh3+ 1-0

[Event "Czerniak Memorial 10th"]
[Site "Tel Aviv"]
[Date "1994.??.??"]
[Round "9"]
[White "Godes, Dmitry R"]
[Black "Shabtai, Ran"]
[Result "1-0"]
[WhiteElo "2405"]
[BlackElo "2260"]
[PlyCount "55"]
[EventDate "1994.??.??"]
[EventType "tourn"]
[EventRounds "11"]
[EventCountry "ISR"]
[EventCategory "4"]
[SourceTitle "EXT 1997"]
[Source "ChessBase"]
[SourceDate "1996.11.15"]
[SourceVersion "1"]
[SourceVersionDate "1996.11.15"]
[SourceQuality "1"]

1. c4 f5 2. g3 Nf6 3. Bg2 g6 4. Nc3 Bg7 5. e3 d6 6. Nge2 e5 7. d4 0-0 8. b3 Nbd7 9. Bb2 Re8 10. Qd2 a6 11. dxe5 dxe5 12. Rd1 Qe7 13. Nd5 Nxd5 14. cxd5 Qd6 15. Rc1 b5 16. Rc6 Qe7 17. Rxc7 Rb8 18. d6 Qf8 19. Bc6 Rd8 20. 0-0 e4 21. Nf4 Bxb2 22. Bd5+ Kh8 23. Ne6 Qf6 24. Nxd8 Ne5 25. Nf7+ Qxf7 26. Rxf7 Nf3+ 27. Kg2 Nxd2 28. Rd1 1-0